Historia de la filosofía moderna

Đã lưu trong:
Chi tiết về thư mục
Tác giả chính: Romero, Francisco (Tác giả)
Định dạng: Sách
Ngôn ngữ:Tiếng Tây Ban Nha
Được phát hành: Ciudad de México Fondo de Cultura Económica 1959
Phiên bản:1a. ed
Loạt:Breviarios del Fondo de Cultura Económica, 150
Những chủ đề:
Các nhãn: Thêm thẻ
Không có thẻ, Là người đầu tiên thẻ bản ghi này!

MARC

LEADER 00000cam a2200000 a 4500
001 UCE8203
003 CL-VaPUC
008 150728e19590000mx |||||||||||||||||spa|d
082 0 4 |a 190.9  |b ROM  |2 21 
100 0 |a Romero, Francisco  |e author  |9 580936 
245 1 0 |a Historia de la filosofía moderna 
250 |a 1a. ed 
300 |a 365 p 
942 |c BK 
945 |d 20150728 02:04:00  |a gsalatino 
260 |a Ciudad de México  |b Fondo de Cultura Económica  |c 1959 
650 0 |a Historia de la filosofía  |9 256920 
650 0 |a Filosofía moderna  |9 258121 
583 |a last modification  |c 20171122 01:54:57  |k Rodrigo Vera 
490 0 |a Breviarios del Fondo de Cultura Económica, 150 
999 |c 360142  |d 360140 
952 |0 0  |1 0  |3 erb  |4 0  |6 190_900000000000000_ROM_1959  |7 0  |8 P  |9 469786  |a BIBEDU  |b BIBEDU  |c BIBEDU_PB  |e Villagrán Garnham, Jorge  |i 5186919  |o 190.9 ROM 1959  |p 5186919  |r 2024-01-25  |w 2019-11-23  |y BK  |z Catalogado en:20150728  |k FIL